000 00392nam a2200157Ia 4500
008 221030s9999 xx 000 0 und d
020 _a0070530475
041 _aEnglish
082 _a105.23
_bRos
100 _aK. H. Rosen
245 0 _aDiscrete Mathematics & its Applications
_cby K. H. Rosen
260 _bTMH
_aNew Delhi
_c2003
300 _a787
650 _aBE Mathematics
942 _cBK
999 _c8340
_d8340